Saw Franchise - Statistics

General Stats
  • This quiz has been taken 347 times
  • The average score is 12 of 14
Answer Stats
Type Year Name Info % Correct
Short Film 2003 Saw Lionsgate
100%
Film 2004 Saw Lionsgate
100%
Video Game 2009 Saw Konami
100%
Theme Park Attraction 2009-Present Saw - The Ride Thorpe Park Resort
100%
Film 2010 Saw 3D Lionsgate
99%
Film 2005 Saw II Lionsgate
99%
Video Game 2010 Saw II: Flesh & Blood Konami
99%
Film 2006 Saw III Lionsgate
99%
Film 2007 Saw IV Lionsgate
99%
Film 2008 Saw V Lionsgate
99%
Film 2009 Saw VI Lionsgate
98%
Film 2017 Jigsaw Lionsgate
92%
Comic Book 2005 Saw: Rebirth IDW Publishing
11%
Film 2020 The Organ Donor Lionsgate
3%
No matching quizzes found
Score Distribution
Percent of People with Each Score
Percentile by Number Answered
Your Score History
You have not taken this quiz